00776 2200289 4500001002100000005001500021035002000036007000300056040001700059100002300076245009900099250001000198300003400208041000800242082000800250084001400258090001900272264003000291336002100321337003000342338002300372650001200395850001000407008004100417990001400458990001400472INLIS00000000000738620260602030653 a0010-0822000360ta aSBPUPADbind0 aSoegengePengarang1 aBagaimana Membuat Sirop :bBacaan untuk Murid-murid Sekolah Dasar Seluruh Indonesia /cSoegeng acet.2 a66 hlm :bilus. ;c17 x 13 cm aind a641 a641 SOE b a641 SOE b 20-6 aJakarta :bMutiara,c1978 2rdacontentateks 2rdamediaatanpa perantara 2rdacarrieravolume 4aMemasak aPUPAD260602 0  a0233/2005 a0180/2005